00704 2200205 4500001002100000005001700021008004100038035002400079040001200103082001000115090001900125100002400144245016100168260006400329300003300393500001600426504002800442650001000470990001800480YOGYA-0113000000053220130109094252.0 ind  0010-011300000000532 aYOPDYOG a631.5 aSK 631.5 Ang S aANGGAR BAGUS KUMORO aStudi komparatif penggunaan benih sertifikat dengan non sertifikat pada usaha tani cabai merah di Kecamatan Sanden kabupaten Bantul/oleh Anggar Bagus Kumoro aYogyakartabFakultas Pertanian Univeritas Gadjah Madac2004 aX, 59 lbrbilus, lampc29 cm aSkripsi UGM aBibliografi (lbr.48-50) aBibit a42946-PD/A.12